Language Quiz

Random Language or Letter Quiz

Double Double Letter Words Quiz Stats

 Plays Quiz Updated Oct 30, 2018

Score 0/24 Timer 07:00
3 Plays Today
Clue Word % Correct
It's full of hot airballoon
93.8%
Best part of waking upcoffee
81.3%
Americans call it 'soccer'football
80.9%
Body arttattoo
79.4%
Ten centuriesmillennium
67.8%
New England stateMassachusetts
63.4%
Masked mammalraccoon
59.7%
Pirate, or Tampa NFLerbuccaneer
56.9%
Sickness or maladyillness
55.7%
Describing a mammoth or sheepwoolly
53.4%
Where Cinderella waltzed with her princeballroom
48.6%
Best part of waking up plus milk and foamcappuccino
46.5%
Clue Word % Correct
Woodwind instrumentbassoon
43.9%
Humiliate or shameembarrass
42.6%
Not passive, or Black Friday shopperaggressive
42.5%
Redneckhillbilly
29.4%
Used in lifting weightsdumbbell
26.2%
Hawaiian dressmuumuu
20.5%
Foolish or clumsy fellowbuffoon
18.4%
Awake all nightsleepless
14.6%
Heir, next in linesuccessor
11.4%
Small, green, currant-like fruitgooseberry
7.3%
Dark chocolate, or a Pyrrhic victorybittersweet
7%
Stewed meat (usually poultry) dishfricassee
3.2%

You're not logged in!

Compare scores with friends on all Sporcle quizzes.
OR
Log In

Sporcle TV

Today on Sporcle TV


Watch our educational content, quiz creation guides, and fun videos on Sporcle TV.

Show Comments

Extras

Top Quizzes Today


Score Distribution

Your Account Isn't Verified!

In order to create a playlist on Sporcle, you need to verify the email address you used during registration. Go to your Sporcle Settings to finish the process.

Report this User

Report this user for behavior that violates our Community Guidelines.

Details: